[Event "St Veit op-B 37th"]
[Site "St Veit"]
[Date "2018.07.12"]
[Round "7"]
[White "Prem, Dominik"]
[Black "Sommer, Artur"]
[Result "0-1"]
[WhiteElo "1937"]
[BlackElo "1958"]
[PlyCount "116"]
[EventDate "2018.07.07"]
[EventType "swiss"]
[EventRounds "9"]
[EventCountry "AUT"]
[SourceTitle "EXT 2020"]
[Source "ChessBase"]
[SourceDate "2019.10.17"]
[SourceVersion "1"]
[SourceVersionDate "2019.10.17"]
[SourceQuality "1"]

1. e4 Nf6 2. e5 Nd5 3. d4 d6 4. Nf3 Bg4 5. Be2 e6 6. 0-0 Be7 7. c4 Nb6 8. Nc3 Nc6 9. b3 0-0 10. Re1 d5 11. Qd3 Nb4 12. Qd1 Bf5 13. Rf1 Nc2 14. Rb1 dxc4 15. bxc4 Nb4 16. Rb2 Nc6 17. Be3 Na5 18. c5 Nd5 19. Nxd5 Qxd5 20. Qa4 b6 21. Nd2 h6 22. Bf3 Qd8 23. Be4 Bxe4 24. Nxe4 Qd5 25. Nc3 Qc4 26. Rc1 Qxa4 27. Nxa4 Rab8 28. Rbc2 b5 29. Nb2 Nc6 30. Nd3 Rfd8 31. a4 a6 32. axb5 axb5 33. Ra2 Nxd4 34. Nb4 Nb3 35. Rb1 Ra8 36. Rab2 Na5 37. h3 Nc4 38. Nc6 Rd7 39. Rxb5 Nxe3 40. fxe3 Bg5 41. e4 Ra2 42. Rb8+ Kh7 43. R1b2 Rxb2 44. Rxb2 Be3+ 45. Kf1 Bxc5 46. Rc2 Bb6 47. Ke2 f6 48. exf6 gxf6 49. Rd2 Rxd2+ 50. Kxd2 Kg6 51. Ke2 Kg5 52. Kf3 h5 53. e5 Kf5 54. exf6 Kxf6 55. Ke4 h4 56. Kf4 Bf2 57. Ke4 Bg3 58. Na5 Ke7 0-1

[Event "St Veit op-B 36th"]
[Site "St Veit"]
[Date "2017.07.12"]
[Round "6.4"]
[White "Pruesse, Horst"]
[Black "Sommer, Artur"]
[Result "1/2-1/2"]
[WhiteElo "2064"]
[BlackElo "1955"]
[PlyCount "85"]
[EventDate "2017.07.08"]
[EventType "swiss"]
[EventRounds "9"]
[EventCountry "AUT"]
[SourceTitle "EXT 2024"]
[Source "ChessBase"]
[SourceDate "2023.10.10"]
[SourceVersion "1"]
[SourceVersionDate "2023.10.10"]
[SourceQuality "1"]

1. f4 Nf6 2. b3 g6 3. Bb2 Bg7 4. e4 d6 5. Nf3 0-0 6. d3 c6 7. Be2 Qb6 8. Bd4 c5 9. Bc3 Nc6 10. Nbd2 Nd4 11. Nc4 Qc7 12. 0-0 b5 13. Ne3 Nxe2+ 14. Qxe2 b4 15. Bb2 a5 16. a4 e6 17. Nd2 Ba6 18. e5 Nd7 19. exd6 Qxd6 20. Bxg7 Kxg7 21. f5 exf5 22. Rxf5 Qd4 23. Rff1 Rae8 24. Rae1 Ne5 25. Qf2 f5 26. Nd1 Qd6 27. Qf4 Qd4+ 28. Qxd4 cxd4 29. h3 Nc6 30. Kf2 Ne5 31. Nb2 g5 32. Nf3 Nxf3 33. Kxf3 Bb7+ 34. Kf2 Bd5 35. Nc4 Bxc4 36. dxc4 Re4 37. Rd1 Rfe8 38. Rfe1 Kf6 39. g4 Rxe1 40. Rxe1 Rxe1 41. Kxe1 f4 42. Ke2 Ke6 43. Kf2 1/2-1/2

[Event "St Veit op-B 27th"]
[Site "St Veit"]
[Date "2008.07.11"]
[Round "?"]
[White "Sommer, Artur"]
[Black "Titz, Herbert"]
[Result "1-0"]
[WhiteElo "1960"]
[BlackElo "2044"]
[PlyCount "53"]
[EventDate "2008.07.05"]
[EventType "swiss"]
[EventRounds "9"]
[EventCountry "AUT"]
[SourceTitle "EXT 2024"]
[Source "ChessBase"]
[SourceDate "2023.10.10"]
[SourceVersion "1"]
[SourceVersionDate "2023.10.10"]
[SourceQuality "1"]

1. e4 e5 2. Nf3 Nc6 3. Bb5 a6 4. Ba4 Nf6 5. 0-0 b5 6. Bb3 Nxe4 7. d4 d5 8. dxe5 Be6 9. c3 Be7 10. Nbd2 Nxd2 11. Qxd2 Na5 12. Bc2 c5 13. Qf4 0-0 14. Qg3 f6 15. Bh6 Rf7 16. exf6 Bxf6 17. Rfe1 Qd7 18. Bg5 Bf5 19. Bxf6 Rxf6 20. Bxf5 Rxf5 21. Re2 Nc6 22. Rae1 Rff8 23. Qg5 g6 24. Ne5 Nxe5 25. Rxe5 d4 26. Re7 Rae8 27. Qh4 1-0

[Event "St Veit op-B 27th"]
[Site "St Veit"]
[Date "2008.07.07"]
[Round "?"]
[White "Sommer, Artur"]
[Black "Friedl, Gerhard"]
[Result "1-0"]
[WhiteElo "1960"]
[BlackElo "1991"]
[PlyCount "73"]
[EventDate "2008.07.05"]
[EventType "swiss"]
[EventRounds "9"]
[EventCountry "AUT"]
[SourceTitle "EXT 2024"]
[Source "ChessBase"]
[SourceDate "2023.10.10"]
[SourceVersion "1"]
[SourceVersionDate "2023.10.10"]
[SourceQuality "1"]

1. Nf3 d5 2. b3 f5 3. e3 e6 4. Bb2 Nf6 5. g3 Bd6 6. Bg2 0-0 7. 0-0 Nbd7 8. d4 Qe8 9. c4 c6 10. Nbd2 Qh5 11. Ne5 Qxd1 12. Raxd1 Bxe5 13. dxe5 Ne4 14. f3 Nxd2 15. Rxd2 dxc4 16. bxc4 Nb6 17. Rc1 Re8 18. Ba3 Kf7 19. f4 h6 20. Bc5 Na4 21. Bd6 Nb6 22. e4 fxe4 23. Bxe4 Rg8 24. Kf2 Bd7 25. Bc7 Ke7 26. a4 Rac8 27. Bd6+ Kf7 28. a5 Na8 29. Bc5 Be8 30. Bxa7 g5 31. Rcd1 gxf4 32. gxf4 Nc7 33. Bb6 Na6 34. Bf3 Ke7 35. Bd8+ Kf8 36. Bf6 Nc5 37. Rd8 1-0